Zvýšený dopyt po automobiloch na západoeurópskom trhu ovplyvnili vlani aj opatrenia niektorých vlád

Z obsahu: General motors sa pripravuje na rast kapacity trhov. Japonské ambície na starom kontinente stúpajú. Mercedes-Benz rozširuje svoju ponuku. Koncern Volkswagen na vlnách konjunktúry. Renault sa snaží získať stratené pozície. BMW potichu prosperuje. Holding PSA stabilizuje svoju ekonomiku. Fia...

Ausführliche Beschreibung

Gespeichert in:
Bibliographische Detailangaben
1. Verfasser: Prosnan, Jozef
Format: Buchkapitel
Sprache:Slowakisch
Schlagworte:
Tags: Tag hinzufügen
Keine Tags, Fügen Sie das erste Tag hinzu!

MARC

LEADER 00000naa a2200000 4500
001 r025223
005 20230921080609.6
041 0 |a slo 
044 |a SK 
245 1 0 |a Zvýšený dopyt po automobiloch na západoeurópskom trhu ovplyvnili vlani aj opatrenia niektorých vlád  |c J. Prosnan 
520 |a Z obsahu: General motors sa pripravuje na rast kapacity trhov. Japonské ambície na starom kontinente stúpajú. Mercedes-Benz rozširuje svoju ponuku. Koncern Volkswagen na vlnách konjunktúry. Renault sa snaží získať stratené pozície. BMW potichu prosperuje. Holding PSA stabilizuje svoju ekonomiku. Fiat prekvapil útlm domáceho dopytu. 
610 2 0 |a automobily 
610 2 0 |a automobilizmus 
610 2 0 |a trh 
610 2 0 |a západná Európa 
610 2 0 |a ponuka 
610 2 0 |a dopyt 
100 1 |a Prosnan, Jozef